000 00417nam a2200157 4500
001 46053
090 _a46053
100 _a20260427 pory50
101 _apor
102 _aPT
200 _aBatalhas da História de Portugal
_fcoord. Prof.ª Doutora Manuela Mendonça
_fAcademia Portuguesa de História
210 _aLisboa
_cQuidnovi
_d[D.L. 2006]
215 _av.
675 _a355.4
801 _aPT
_gRPC
990 _cLIVROS